| 000 | 00720nam a2200253 i 4500 | ||
|---|---|---|---|
| 001 | bg | ||
| 100 | 1 | _aMISHKIN, Frederic S. | |
| 245 | 1 | 0 |
_aThe economics of money, banking, and financial markets / _cFrederic S. Mishkin. |
| 250 | _a3rd ed. | ||
| 260 |
_a[New York] : _bHarper Collins, _c1992. |
||
| 300 |
_a739, [106] : _bfaks., fot., mapy, rys., wykr. (w tym kolor.) ; _c24 cm. |
||
| 504 | _aSumm. przy rozdz. - Index. | ||
| 650 | 9 | _aFinanse | |
| 650 | 9 | _aPieniądz | |
| 650 | 9 | _aBanki | |
| 655 | _aPodręczniki akademickie | ||
| 020 | _a0673521419 | ||
| 040 | _cBPK | ||
| 041 | 0 |
_aen _ben |
|
| 080 | _a336(075.8) | ||
| 920 | _a0-673-52141-9 | ||
| 942 | _cKS | ||
| 008 | s pl f |000 0 pol | ||
| 999 |
_c32762 _d32762 |
||
| 856 |
_uhttp://koha.tu.koszalin.pl/cgi-bin/koha/opac-detail.pl?biblionumber=32762 _yKatalog online BPK |
||